000 00458nam a2200181Ia 4500
005 20250326144214.0
008 250326s9999 xx 000 0 und d
037 _aTextbook
040 _aFMSL
_beng
_cFMSL
041 _aeng
_2eng
084 _qFMSL
100 _aSingh M
_9462826
245 0 _aGoverment publications of India
_cSingh M
260 _aDelhi
_bDelhi, Metropolitan
_c1967
300 _a270p
942 _cTB
999 _c1302788
_d1302788